Amapolas (Record no. 137742)

MARC details
000 -LEADER
campo de control de longitud fija 00461nam a2200157 4500
001 - NÚMERO DE CONTROL
campo de control 137742
003 - IDENTIFICADOR DE NÚMERO DE CONTROL
campo de control ES-MaACL
005 - FECHA Y HORA DE LA ÚLTIMA TRANSACCIÓN
campo de control 20251224063019.0
007 - CAMPO FIJO DE DESCRIPCIÓN FÍSICA--INFORMACIÓN GENERAL
campo de control de longitud fija t|
008 - DATOS DE LONGITUD FIJA--INFORMACIÓN GENERAL
campo de control de longitud fija 070214s1912 sp r ||||1| spa d
100 0# - ENTRADA PRINCIPAL--NOMBRE DE PERSONA
Nombre de persona Salido, Juan Antonio,
Fechas asociadas al nombre 1864-1929
9 (RLIN) 101920
245 10 - MENCIÓN DEL TÍTULO
Título Amapolas
Resto del título : poesías /
Mención de responsabilidad, etc. Juan Antonio Salido.
260 ## - PUBLICACIÓN, DISTRIBUCIÓN, ETC.
Lugar de publicación, distribución, etc. Cádiz :
Nombre del editor, distribuidor, etc. [s. n.],
Fecha de publicación, distribución, etc. 1912 (
Fabricante Imp. de Manuel Alvarez)
852 ## - LOCALIZACIÓN
Ubicación ES-MaACL
Número de control de estantería T-1446-F-1
Holdings
Estatus retirado Estado de pérdida Estado de daño No para préstamo Colección Biblioteca de origen Biblioteca actual Ubicación en estantería Fecha de adquisición Fuente de adquisición Total de préstamos Signatura topográfica completa Código de barras Visto por última vez Precio de reemplazo Tipo de ítem Koha
        Colección de folletos Biblioteca del Ateneo de Madrid Biblioteca del Ateneo de Madrid Depósito folletos 17/01/2008     T-1446-F-1 1143339 23/02/2023 23/02/2023 Folleto